LDR 00932naa#a2200181#i#450# 001 RU\\bibl\121898 005 20260430062049.4 011 ## _a2072-9502 100 ## _a20260427b2026####ek#y0rusy0150####ca 102 ## _aRU 200 1# _aМодель выбора архитектуры баз данных для хранения и обработки разнородных данных с использованием нечеткой логики и нейросетей _eЖурнальная статья 210 1# _aАстрахань _cАстраханский государственный технический университет _d2026 215 ## _a10 с. 608 ## _aЖурнальная статья _2local 675 ## _aТеория принятия решений. 519.816 _z 700 #1 _aТуркин _gСергей Михайлович 700 #1 _aИванов _gСергей Александрович 856 4# _avestnik.astu.org _u